Survey Quarterly (Record no. 118609)
[ view plain ]
| 000 -LEADER | |
|---|---|
| fixed length control field | 00580cas a22002175a 4500 |
| 001 - CONTROL NUMBER | |
| control field | L355 |
| 008 - FIXED-LENGTH DATA ELEMENTS--GENERAL INFORMATION | |
| fixed length control field | 070627c1996 nz qr p 0 a0eng |
| 022 1# - INTERNATIONAL STANDARD SERIAL NUMBER | |
| International Standard Serial Number | 1173-5651 |
| 035 ## - SYSTEM CONTROL NUMBER | |
| System control number | (Sirsi) u98977 |
| 041 0# - LANGUAGE CODE | |
| Language code of text/sound track or separate title | eng |
| 110 2# - MAIN ENTRY--CORPORATE NAME | |
| Corporate name or jurisdiction name as entry element | New Zealand Institute of Surveyors |
| 9 (RLIN) | 602 |
| 245 00 - TITLE STATEMENT | |
| Title | Survey Quarterly |
| 260 ## - PUBLICATION, DISTRIBUTION, ETC. | |
| Place of publication, distribution, etc. | Wellington |
| Name of publisher, distributor, etc. | NZIS |
| Date of publication, distribution, etc. | 1996- |
| 362 0# - DATES OF PUBLICATION AND/OR SEQUENTIAL DESIGNATION | |
| Dates of publication and/or sequential designation | (5) March 1996-(6) June 1996 |
| 554 ## - | |
| -- | Four per year |
| 651 #4 - SUBJECT ADDED ENTRY--GEOGRAPHIC NAME | |
| Geographic name | New Zealand |
| 690 ## - LOCAL SUBJECT ADDED ENTRY--TOPICAL TERM (OCLC, RLIN) | |
| Topical term or geographic name as entry element | ENVIRONMENTAL AND LAND CONSULTANCY |
| 780 00 - PRECEDING ENTRY | |
| Title | New Zealand Surveyor |
| International Standard Serial Number | 0048-0150 |
| 942 ## - ADDED ENTRY ELEMENTS (KOHA) | |
| Suppress in OPAC | 0 |
| 948 ## - LOCAL PROCESSING INFORMATION (OCLC); SERIES PART DESIGNATOR (RLIN) | |
| c (OCLC) | 20/01/1995 |
| Withdrawn status | Lost status | Source of classification or shelving scheme | Damaged status | Not for loan | Home library | Current library | Shelving location | Date acquired | Total Checkouts | Full call number | Barcode | Date last seen | Price effective from | Koha item type |
|---|---|---|---|---|---|---|---|---|---|---|---|---|---|---|
| Other/Generic Classification Scheme | London | London | Basement | 27/06/2007 | SURVEY QUARTERLY | 98977-1001 | 06/08/2019 | 06/08/2019 | Journal |